nancy drew mystery stories 17: (Record no. 10268)

MARC details
000 -LEADER
fixed length control field 00915nam a22001937a 4500
003 - CONTROL NUMBER IDENTIFIER
control field OSt
005 - DATE AND TIME OF LATEST TRANSACTION
control field 20260506003607.0
008 - FIXED-LENGTH DATA ELEMENTS--GENERAL INFORMATION
fixed length control field 260506b |||||||| |||| 00| 0 eng d
040 ## - CATALOGING SOURCE
Original cataloging agency DWCL GS lib
Transcribing agency OC
082 ## - DEWEY DECIMAL CLASSIFICATION NUMBER
Classification number Fic. K26m 1976
100 ## - MAIN ENTRY--PERSONAL NAME
Personal name Keene, Carolyn
245 ## - TITLE STATEMENT
Title nancy drew mystery stories 17:
Remainder of title mystery of the brass-bound trunk
Statement of responsibility, etc. Carolyn Keene
260 ## - PUBLICATION, DISTRIBUTION, ETC.
Place of publication, distribution, etc. New York
Name of publisher, distributor, etc. Grosset & Dunlap
Date of publication, distribution, etc. c1940
300 ## - PHYSICAL DESCRIPTION
Extent 180
Other physical details illustrations
Dimensions 19cm
520 ## - SUMMARY, ETC.
Summary, etc. In The Mystery of the Brass-Bound Trunk (1940), Nancy Drew, Bess, and George travel to South America (or Europe/NYC depending on the version). Nancy is targeted by criminals after a mysterious trunk with matching "N.D." initials is wrongly delivered to her cabin, leading her to uncover an international smuggling ring.
546 ## - LANGUAGE NOTE
Language note English
700 ## - ADDED ENTRY--PERSONAL NAME
Personal name Carolyn Keene
942 ## - ADDED ENTRY ELEMENTS (KOHA)
Source of classification or shelving scheme Dewey Decimal Classification
Koha item type Fiction
Classification part Fic. K26m 1976
Suppress in OPAC No
952 ## - LOCATION AND ITEM INFORMATION (KOHA)
--
Holdings
Withdrawn status Lost status Source of classification or shelving scheme Damaged status Not for loan Home library Current library Shelving location Date acquired Source of acquisition Total Checkouts Full call number Barcode Date last seen Price effective from Koha item type Uniform Resource Identifier
    Dewey Decimal Classification     Grade School Library Grade School Library Fiction 05/06/2026 School Fund, Donation   Fic. K26m 1976 20250 05/06/2026 05/06/2026 FIC.